Metaphysica operationis humanae: methodo transcendentali explicata
Saved in:
| Main Author: | |
|---|---|
| Format: | Book |
| Language: | Latin |
| Published: |
Roma
Universitatis Gregorianae
1958
|
| Series: | Analecta Gregoriana. Cura Pontificiae Universitatis Gregorianae Edita, Vol. XCIV. Series Facultatis Philosophicae. Sectio A. N. 7
|
| Subjects: | |
| Tags: |
Add Tag
No Tags, Be the first to tag this record!
|
MARC
| LEADER | 00000nam a2200000 a 4500 | ||
|---|---|---|---|
| 001 | UCZ4162 | ||
| 003 | CL-VaPUC | ||
| 008 | 951106e19580000IT |||||||||||||||||lat|d | ||
| 082 | 0 | 4 | |a 110 |b LOT |2 21 |
| 100 | |a Lotz, John |e autor |9 348120 | ||
| 245 | 1 | 0 | |a Metaphysica operationis humanae: methodo transcendentali explicata |
| 300 | |a 228 p | ||
| 942 | |c BK | ||
| 945 | |d 19951106 00:00:00 |a cmena | ||
| 260 | |a Roma |b Universitatis Gregorianae |c 1958 | ||
| 650 | 0 | |a Metafísica |9 265649 | |
| 650 | 0 | |a Escuelas filosóficas |9 266232 | |
| 650 | 0 | |a Naturaleza humana |9 308593 | |
| 650 | 0 | |a Cognición |9 270347 | |
| 650 | 0 | |a Inteligencia |9 267038 | |
| 650 | 0 | |a Verdad |9 313815 | |
| 650 | 0 | |a Virtud y vicio |9 310637 | |
| 583 | |a last modification |c 19951106 00:00:00 |k Rodrigo Vera | ||
| 490 | 0 | |a Analecta Gregoriana. Cura Pontificiae Universitatis Gregorianae Edita, Vol. XCIV. Series Facultatis Philosophicae. Sectio A. N. 7 | |
| 999 | |c 240579 |d 240577 | ||
| 952 | |0 0 |1 0 |4 0 |6 110_000000000000000_LOT_1958 |7 0 |8 P |9 252532 |a BIBEDU |b BIBEDU |c BIBEDU_PB |d 2019-11-18 |i 1593889 |o 110 LOT 1958 |p 1593889 |r 2024-01-25 |w 2019-11-18 |y BK |k FIL | ||